Higher education product companion.

Bibliographic Details
New Title:Syllabus (Sunnyvale, Calif.)
Syllabus (Sunnyvale, Calif. : 1994)
Format: Journal
Language:English
Published: Sunnyvale, CA : Syllabus Press, 1991-
Subjects:
Online Availability: Check for online availability

MARC

Tag First Indicator Second Indicator Subfields
LEADER 00000cas a2200000 a 4500
001 in00001127253
005 20150930073535.0
008 911212d19911994caubr1p 0 a0eng d
010 |a sn 92005804  
022 0 |a 1065-2086 
035 |a (OCoLC)24940338 
035 |9 AFW7516AM 
040 |a ZLM  |c ZLM  |d NSD  |d TXA  |d UtOrBLW 
042 |a nsdp  |a lcd 
049 |a TXAE 
090 |a LB1028.43  |b .H54 
210 0 |a High. educ. prod. companion 
222 0 |a Higher education product companion 
245 0 0 |a Higher education product companion. 
246 1 0 |a HEPC 
264 1 |a Sunnyvale, CA :  |b Syllabus Press,  |c 1991- 
264 4 |c ©1994 
300 |a 3 volumes :  |b illustrations ;  |c 28 cm. 
310 |a Six times a year 
321 |a Quarterly 
336 |a text  |b txt  |2 rdacontent 
337 |a unmediated  |b n  |2 rdamedia 
338 |a volume  |b nc  |2 rdacarrier 
362 0 |a Vol. 1, no. 1 (fall/winter 1991)-v. 3, no. 5 (Mar./Apr. 1994). 
500 |a Title from cover. 
650 0 |a Education, Higher  |x Data processing  |v Periodicals. 
650 0 |a Computer-assisted instruction  |x Computer programs  |v Periodicals. 
785 1 7 |t Syllabus (Sunnyvale, Calif.)  |x 1065-2051  |w (DLC)sn 92005805  |w (OCoLC)21717573 
785 1 7 |t Syllabus (Sunnyvale, Calif. : 1994)  |x 1089-5914  |w (DLC) 95664151  |w (OCoLC)31093135 
999 |a MARS 
999 f f |s d345de3f-c8cd-3f3b-9ea3-5c05afa5c7cc  |i 8bb81ed0-de8a-3916-bde5-e20c47d8488e  |t 0 
952 f f |p ric  |a Texas A&M University  |b Rellis Campus  |c Joint Library Facility  |d Remote Storage  |t 0  |e LB1028.43 .H54  |h Library of Congress classification  |i unmediated -- volume  |k v.3  |l 1993/1994  |m A14832167411 
952 f f |p ric  |a Texas A&M University  |b Rellis Campus  |c Joint Library Facility  |d Remote Storage  |t 0  |e LB1028.43 .H54  |h Library of Congress classification  |i unmediated -- volume  |k v.1:no.1-3  |l 1991/1992:Fall/Winter-Spring  |m A14832167372 
952 f f |p ric  |a Texas A&M University  |b Rellis Campus  |c Joint Library Facility  |d Remote Storage  |t 0  |e LB1028.43 .H54  |h Library of Congress classification  |i unmediated -- volume  |k v.2  |l 1992/1993  |m A14832167330 
998 f f |a LB1028.43 .H54  |s v.3:no.1-2,4-7 (1993/1994:Sept.-Oct.,Jan./Feb.-July/Aug.)  |t 0  |l Remote Storage